书目信息 |
| 题名: |
教育测量与评价
|
|
| 作者: | 特尔威斯特 , 胡森 主编 ;许建钺 , 赵世诚 , 杜智敏 编译 | |
| 分册: | ||
| 出版信息: | 北京 教育科学出版社 1992 |
|
| 页数: | 454页 | |
| 开本: | 20cm | |
| 丛书名: | 东西方教育丛书 | |
| 单 册: | ||
| 中图分类: | G449.1 | |
| 科图分类: | ||
| 主题词: | 教育心理学 | |
| 电子资源: | ||
| ISBN: | 7-5041-0731-X | |
| 000 | 00957nam0 2200253 450 | |
| 001 | 0735592734 | |
| 005 | 20070906095312.73 | |
| 010 | @a7-5041-0731-X@d¥18.00 | |
| 100 | @a20070906d km y0chiy0120 ea | |
| 101 | 0 | @achi |
| 200 | 1 | @a教育测量与评价@Ajiao yu ce liang yu ping jia@f(瑞典)胡森(Husen.T),(德)特尔威斯特(Thwaite.N.P.)主编@F(rui dian)hu sen(Husen.T),(de)te er wei si te(Thwaite.N.P.)zhu bian@g许建钺,赵世诚,杜智敏等编译@Gxu jian yue,zhao shi cheng,du zhi min deng bian yi |
| 210 | @a北京@c教育科学出版社@d1992 | |
| 215 | @a454页@d20cm | |
| 225 | 2 | @a东西方教育丛书 |
| 410 | 0 | @12001 @a东西方教育丛书 |
| 606 | 0 | @a教育心理学 |
| 690 | @aG449.1@v3 | |
| 701 | 0 | @a特尔威斯特@Ate er wei si te@bThwaite.N.P.@4主编 |
| 701 | 0 | @a胡森@Ahu sen@bHusen.T@4主编 |
| 702 | 0 | @a许建钺@Axu jian yue@4编译 |
| 702 | 0 | @a赵世诚@Azhao shi cheng@4编译 |
| 702 | 0 | @a杜智敏@Adu zhi min@4编译 |
| 801 | 0 | @aCN@bPFT@c20070906 |
| 905 | @a213230@dG449.1@eP74@f1 | |
| 教育测量与评价/(瑞典)胡森(Husen.T),(德)特尔威斯特(Thwaite.N.P.)主编/许建钺,赵世诚,杜智敏等编译.-北京:教育科学出版社,1992 |
| 454页;20cm.-(东西方教育丛书) |
| ISBN 7-5041-0731-X:¥18.00 |
| ● |
| 相关链接 |
|
|
|
|
正题名:教育测量与评价
索取号:G449.1/P74
 
预约/预借
| 序号 | 登录号 | 条形码 | 馆藏地/架位号 | 状态 | 备注 |
| 1 | 7201087 | 272010879 | 密集书库-物理学院/ [索取号:G449.1/P74] | 在馆 |